From Hiroshima To Future Generations. (Record no. 348970)

000 -LEADER
fixed length control field 00405 a2200145 4500
082 ## - DEWEY DECIMAL CLASSIFICATION NUMBER
Classification number 901.94
090 ## - LOCALLY ASSIGNED LC-TYPE CALL NUMBER (OCLC); LOCAL CALL NUMBER (RLIN)
-- 6612
-- 6612
100 ## - MAIN ENTRY--PERSONAL NAME
Personal name Bell,Wendell.
245 ## - TITLE STATEMENT
Title From Hiroshima To Future Generations.
Remainder of title Voices from the Future Generations .
Statement of responsibility, etc. Wendell Bell.
250 ## - EDITION STATEMENT
Edition statement 1st.
260 ## - PUBLICATION, DISTRIBUTION, ETC.
Place of publication, distribution, etc. New York
Name of publisher, distributor, etc. Alliance Foundation.
Date of publication, distribution, etc. 2010.
300 ## - PHYSICAL DESCRIPTION
Extent 120p.
500 ## - GENERAL NOTE
General note Paper cover
942 ## - ADDED ENTRY ELEMENTS (KOHA)
Institution code [OBSOLETE] nbs
Koha item type Book
Call number prefix 901.94 BEL
Holdings
Withdrawn status Lost status Damaged status Not for loan Permanent Location Current Location Date acquired Total Checkouts Full call number Barcode Date last seen Date last checked out Price effective from Koha item type
        Central Library (CL) Central Library (CL) 08/28/2013 3 901.94 BEL NBSD-1752 08/07/2020 12/13/2019 08/28/2013 Book
© 2023 Central Library, National University of Sciences and Technology. All Rights Reserved.